Participants de la première Coupe du Monde - Statistiques

Statistiques générales
  • Ce quiz a été pris 59 fois
  • Le résultat moyen est 9 sur 13
Statistiques - réponses
Réponse % Correct
France
98%
Brésil
95%
Argentine
93%
Uruguay
91%
Etats-Unis
84%
Chili
71%
Mexique
71%
Paraguay
67%
Bolivie
60%
Pérou
56%
Belgique
47%
Yougoslavie
33%
Roumanie
16%
Aucun quiz correspondant
Distribution des résultats
% des personnes avec chaque résultat
Percentile par nombre de réponses
Votre historique - résultats
Vous n’avez pas pris ce quiz